000 00934nam2a2200229 4500
001 RU\NLR\PER_A\002286057_002770
005 20250626070800.0
035 _a(NLR Aleph) 011451277
090 _a11753893
_c11753893
100 _a20170808d2017 |||y0rusy50 ca
101 0 _arus
_geng
102 _aRU
200 1 _aГастроэнтерология
210 _d2017
_aБ. м.
461 0 _1001RU\NLR\INFOCOMM29\5000544000
_12001#$aConsilium medicum$eЖурн. доказат. медицины для практикующих врачей$vТ. 19, № 8.1
_94088060
_cМ.
_d2002 -
_nМедиа Медика
_oЖурн. доказат. медицины для практикующих врачей
_tConsilium medicum
_x2075-1753
_vТ. 19, № 8.1
606 1 _aГастроэнтерология
_91011267
_3RU\NLR\AUTH\6667361
686 1 _aР413
852 _aNLR
_jП17/905
942 _cISSUE
980 _aNB
980 _aRUSPER